| 000 | 01117nam a22002417a 4500 | ||
|---|---|---|---|
| 005 | 20100810162957.0 | ||
| 010 | _aHIN-90271 | ||
| 020 |
_c495.00 _a9788178795683 |
||
| 035 | _aHN-62617 | ||
| 037 | _bDBAD / PUB | ||
| 082 | _a617.102 7 | ||
| 100 |
_aअमतरे, के. एस. _910464 |
||
| 245 |
_aपेशीय गति विज्ञान / _cके. एस. अमतरे |
||
| 246 |
_aPashiya Gati Vigyan _bby K. S. Amtare |
||
| 260 |
_aनई दिल्ली _bस्पोर्टस पब्लिकेशन्स _c2010 |
||
| 270 |
_a7/26, ग्राउण्ड फ्लोर, असारी रोड़, दरियागंज _bनई दिल्ली _e110002 _k011-65749511 _l011-23240261 _mlakshaythani@hotmail.com |
||
| 300 |
_a260पृ _c22सेमी (सजिल्द) |
||
| 700 | _97228 | ||
| 700 | _97267 | ||
| 700 | _97698 | ||
| 942 |
_adpl _cHN _k _2ddc _mअमत _h617.102 7 |
||
| 999 |
_c40805 _d40805 |
||